| 000 | 00710nam a2200193 i 4500 | ||
|---|---|---|---|
| 001 | 61058 | ||
| 003 | ES-MaACL | ||
| 007 | t| | ||
| 008 | 031110s1987 sp ||||1| spa d | ||
| 020 | _a84-505-6292-9 | ||
| 245 | 0 | 0 | _aEstadísticas presupuestarias municipales, 1985. |
| 260 |
_aMadrid : _bComunidad de Madrid, Consejería de Economía y Hacienda, Servicio de EStudios de Haciendas Locales, _c[1987] |
||
| 300 |
_a2 v. ; _c31 cm. |
||
| 490 | 1 |
_aDocumentación y estadísticas ; _v8 |
|
| 505 | 8 | _aContiene: V. I: Consolidaciones y agregaciones. -- V. II: Información básica | |
| 830 | 0 |
_aDocumentación y estadísticas ; _v8 _9179310 |
|
| 852 |
_aES-MaACL _jB-459-60 _bR.114831 |
||
| 999 |
_c61058 _d61058 |
||